000
00293nam a22000977a 4500
008
230728b |||||||| |||| 00| 0 eng d
040
_a
National Science Library
_c
National Science Library
245
_a
Anuarul astronomic 1990
260
_a
Romane:
_b
Editura Academiei Romane,
_c
1990
942
_c
CR
999
_c
56056
_d
56056